000
00322nam a2200145Ia 4500
003
OSt
005
20231123070232.0
008
170524s9999 xx 000 0 und d
020
_a
978-81-203-2878-5
040
_c
IIMT
100
_a
ROBBINS- STEPHEN P
245
0
_a
MANAGEMENT
260
_b
PHI NEW DELHI
942
_2
ddc
_c
02
999
_c
8094
_d
8094